000 00481nam a2200193Ia 4500
003 BUBTL
008 151213s9999 xx 000 0 und d
082 _a621.31245TEE
100 _aK.K. Tawari
245 _aElectricity and Magnetism With Electronics
_cK.K. Tawari
260 _aNew Delhi
_bS.Chand and Company
_c1987
300 _a8599 p.
650 _aE.E.E.
650 _ascience
700 _aK.K. Tawari
856 _k0
_l0
_yDownload
942 _2ddc
_cBK
999 _c4399
_d4399